000 01315nam a2200349 c 4500
003 BLK
005 20211210132032.0
008 180408b bul|||||r ||||||| ||bul||
010 _aKNG00090809000
020 _a978-954-9625-31-8
_bиздат.: Ергон
040 _aBLK
041 _aBUL
_cBUL
080 _aАмериканска литература (на САЩ)
_b821.111(73)
_x-312.4
_z821.111(73)-312.4
100 1 _aРиктъл, Мат
_eпърви автор
_9116224
700 1 _aСтефанова, Мирела Стефанова
_eпрев. от англ.
_9367650
139 _aРиктъл, Мат
_bР 61
245 1 0 _aЛюбов и други зависимости
_bРоман
_cМат Риктъл; прев. от англ. Мирела Стефанова Стефанова.
257 _aUSA
260 София
_bЕргон
_c2009
300 _a320 с.
_c20 см
380 _aX
490 1 _aЕ трилър
490 1 _3Подсерия
_aБиблиотека Трилъри
500 _aОриг. загл. Hooked / Matt Richtel. - Офс. изд.
653 _aтрилъри
653 _aромани
852 _aЦб 244911
856 4 _qpdf
_u
856 4 _qpdf
_u
942 _cKNG
_n0
_012
944 _aCR
_c12.08.2009
_lф /
_kЛюдмила_Стоянова
944 _aED
_c10.03.2011
_lф /
_k
999 _c86189
_d86189